00221 a2200121 4500001000700000020000600007040001100013100001900024240002000043245001500063362000900078440001200087172438 a  cMagnum aBarbot, Daniel10aDente molelpor10aDente mole0 a1899 1aÁtica